Ergonomic Analysis of an Advanced fighter Aircraft Cockpit (Record no. 327296)

000 -LEADER
fixed length control field 00398 a2200133 4500
001 - CONTROL NUMBER
control field 92223
082 ## - DEWEY DECIMAL CLASSIFICATION NUMBER
Classification number PR 2488
090 ## - LOCALLY ASSIGNED LC-TYPE CALL NUMBER (OCLC); LOCAL CALL NUMBER (RLIN)
-- 44183
-- 44182
100 ## - MAIN ENTRY--PERSONAL NAME
Personal name Faria Mazhar; Prof Nadeem Shafi Khan and Farooq bin Akram (Advisors)
245 ## - TITLE STATEMENT
Title Ergonomic Analysis of an Advanced fighter Aircraft Cockpit
Medium 78 "A" EC
260 ## - PUBLICATION, DISTRIBUTION, ETC.
Place of publication, distribution, etc. Islamabad
Name of publisher, distributor, etc. NUST
Date of publication, distribution, etc. 2015
300 ## - PHYSICAL DESCRIPTION
Extent xv,96p.
500 ## - GENERAL NOTE
General note BE Project Report
942 ## - ADDED ENTRY ELEMENTS (KOHA)
Institution code [OBSOLETE] CAE NUST
Call number prefix PR 2488
Holdings
Withdrawn status Lost status Damaged status Not for loan Collection code Permanent Location Current Location Date acquired Total Checkouts Full call number Barcode Date last seen Price effective from Koha item type
          College of Aeronautical Engineering (CAE) College of Aeronautical Engineering (CAE) 04/03/2017   PR 2488 CAEPR-2488 04/05/2017 04/05/2017 Book
© 2023 Central Library, National University of Sciences and Technology. All Rights Reserved.